LEADER 01146nlm0 22003251i 450 001 990009815090403321 005 20140127132557.0 010 $a9788815314314 035 $a000981509 035 $aFED01000981509 035 $a(Aleph)000981509FED01 035 $a000981509 100 $a20140127d2013----km-y0itay0103----ba 101 0 $aeng 135 $adrnn-008mamaa 200 1 $aDemocracy and subsidiarity in the EU$bRisorsa elettronica$enational parliaments, regions and civil society in the decision-making process$fedited by Marta Cartabia, Nicola Lupo, Andrea Simoncini 210 $aBologna$cSocietà editrice il Mulino$d2013 230 $aDocumento elettronico 336 $aTesto 337 $aFormato html, pdf 610 0 $aDiritto internazionale e dell'Unione europea 702 1$aCartabia,$bMarta 702 1$aLupo,$bNicola 702 1$aSimoncini,$bAndrea 801 0$aIT$bUNINA$gREICAT$2UNIMARC 856 4 $zFull text per gli utenti Federico II$uhttp://www.darwinbooks.it/doi/10.978.8815/314314 901 $aEB 912 $a990009815090403321 996 $aDemocracy and subsidiarity in the EU$9835372 997 $aUNINA LEADER 04474oam 2200781I 450 001 9910455004703321 005 20200520144314.0 010 $a1-134-83192-7 010 $a1-138-86820-5 010 $a1-280-05488-3 010 $a0-203-42804-8 024 7 $a10.4324/9780203428047 035 $a(CKB)111056485356676 035 $a(EBL)178579 035 $a(OCoLC)52098687 035 $a(SSID)ssj0000193817 035 $a(PQKBManifestationID)11166278 035 $a(PQKBTitleCode)TC0000193817 035 $a(PQKBWorkID)10225844 035 $a(PQKB)11747005 035 $a(MiAaPQ)EBC178579 035 $a(Au-PeEL)EBL178579 035 $a(CaPaEBR)ebr10056048 035 $a(CaONFJC)MIL5488 035 $a(EXLCZ)99111056485356676 100 $a20180331d1998 uy 0 101 0 $aeng 135 $aurcn||||||||| 181 $ctxt 182 $cc 183 $acr 200 04$aThe locus of care $efamilies, communities, institutions, and the provision of welfare since antiquity /$fedited by Peregrine Horden and Richard Smith 210 1$aLondon ;$aNew York :$cRoutledge,$d1998. 215 $a1 online resource (301 p.) 225 1 $aStudies in the social history of medicine 300 $aDescription based upon print version of record. 311 $a0-415-11216-8 311 $a0-203-29680-X 320 $aIncludes bibliographical references and index. 327 $a""THE LOCUS OF CARE Families, communities, institutions, and the provision of welfare since antiquity""; ""Copyright""; ""Contents""; ""List of figures and tables""; ""Notes on the contributors""; ""Acknowledgements""; ""Introduction""; ""Part I Informal care: from ethnography to ancient history""; ""1 Household Care and Informal Networks: Comparisons and Continuities from Antiquity to the Present""; ""Part II Networks and institutions in western Europe c. 1500-c. 1800""; ""2 Networks of Care in Elizabethan English Towns: The Example of Hadleigh, Suffolk"" 327 $a""3 Family Obligations and Inequalities in Access to Care in Northern Italy, Seventeenth to Eighteenth Centuries""""4 Self-Help and Reciprocity in Parish Assistance: Bordeaux in the Sixteenth and Seventeenth Centuries""; ""5 Community Sponsorship and the Hospital Patient in Late Eighteenth-Century England""; ""Part III Beyond the asylum: mental health in Britain c. 1700-1939""; ""6 The Household and the Care of Lunatics in Eighteenth-Century London""; ""7 Familial Care of 'Idiot' Children in Victorian England""; ""8 Community Care and the Control of Mental Defectives in Inter-war Britain"" 327 $a""Part IV Children and the elderly in the twentieth century""""9 Safeguarding the Health of the Community: Maternal and Infant Welfare Services in Four London Boroughs 1902-1936""; ""10 Communities, 'Caring', and Institutions: Apartheid and Child Care in Cape Town Since 1948""; ""11 Demographic Conditions, Microsimulation, and Family Support for the Elderly: Past, Present, and Future in China""; ""Index"" 330 $aThe care of the needy and the sick is delivered by various groups including immediate family, the wider community, religious organisations and the State funded institutions. The Locus of Care provides an historical perspective on welfare detailing who carers were in the past, where care was provided, and how far the boundary between family and state or informal and organised institutions have changed over time. Eleven international contributors provide a wide-ranging examination of themes, such as child care, mental health, and provision for the elderly and question the idea that there has 410 0$aStudies in the social history of medicine. 606 $aPublic welfare$xHistory 606 $aSocial service$xHistory 606 $aWelfare state$xHistory 606 $aHuman services$xHistory 606 $aInstitutional care 608 $aElectronic books. 615 0$aPublic welfare$xHistory. 615 0$aSocial service$xHistory. 615 0$aWelfare state$xHistory. 615 0$aHuman services$xHistory. 615 0$aInstitutional care. 676 $a361.009 676 $a361.9 676 $a361/.009 676 $a362.9 701 $aHorden$b Peregrine$0300968 701 $aSmith$b Richard$cMB, CHB.$028496 801 0$bMiAaPQ 801 1$bMiAaPQ 801 2$bMiAaPQ 906 $aBOOK 912 $a9910455004703321 996 $aThe locus of care$91911832 997 $aUNINA LEADER 03967nam 2200625Ia 450 001 9910830909503321 005 20230721022934.0 010 $a0-470-52230-5 010 $a1-119-19764-3 010 $a1-282-36907-5 010 $a9786612369070 010 $a0-470-52229-1 035 $a(CKB)1000000000800085 035 $a(EBL)469764 035 $a(OCoLC)609848335 035 $a(SSID)ssj0000312860 035 $a(PQKBManifestationID)12115831 035 $a(PQKBTitleCode)TC0000312860 035 $a(PQKBWorkID)10352587 035 $a(PQKB)11282743 035 $a(MiAaPQ)EBC469764 035 $a(EXLCZ)991000000000800085 100 $a20090305d2009 uy 0 101 0 $aeng 135 $aur|n|---||||| 181 $ctxt 182 $cc 183 $acr 200 10$aVolatility-based technical analysis$b[electronic resource] $estrategies for trading the invisible /$fKirk Northington 210 $aHoboken, N.J. $cWiley$dc2009 215 $a1 online resource (483 p.) 225 1 $aWiley trading series 300 $aDescription based upon print version of record. 311 $a0-470-38754-8 320 $aIncludes bibliographical references and index. 327 $aVolatility-Based Technical Analysis: Strategies for Trading the Invisible; Contents; Preface; INTENDED AUDIENCE; WHAT'S INSIDE?; Acknowledgments; Part I: Are You Prepared?; Chapter 1: The Challenges; Chapter 2: The Opportunities; Chapter 3: The Foundation: Preparations for Exploring Volatility-Based Technical Analysis; Part II: Seeing the Invisible; Chapter 4: New Volatility Indicator Design; Chapter 5: Integrated Volatility Indicator Design; Chapter 6: The Framework: A Structural Approach for Cross-Verification; Chapter 7: Traditional Technical Analysis: What Works, What Doesn't, and Why 327 $aPart III: Trading the InvisibleChapter 8: Bull Bear Phase Prediction: The Intermediate- and Short-Term Market Swing; Chapter 9: Trading the Short-Term Reversal with Volatility-Based Technical Analysis-The Adeo; Chapter 10: Trading the Trend with the 1-2-3; Chapter 11: Hidden Momentum with Adeo High Slope; Chapter 12: Designing the Exit; Chapter 13: Correction and Surge: An Early Warning System; Chapter 14: Trading System Design: Detecting the Invisible; Appendix A: Trade Station Examples and Easy Language Code; AVERAGE TRUE RANGE; THE TTI ATR EXTREME; THE TTI STOCHASTIC EXTREME 327 $aTHE TTI FABRIC LRTHE TTI TREND STRENGTH; THE TTI RSIV; THE TTI COMPOSITE; THE RELATIVE EXIT; CORRECTION AND SURGE; METASWING FOR TRADESTATION; Appendix B: The PIV Options Advantage: Using Projected Implied Volatility to Trade the Butterfly, Condor, Strangle, and Straddle; PIV FOR THE BUTTERFLY AND CONDOR; PIV FOR THE STRANGLE AND STRADDLE; PIV FOR OPTION SPREADS; Appendix C: About the Companion Web Site; Notes; About the Author; Index 330 $a A framework for creating volatility-based technical analysis and trading it for profit Volatility-Based Technical Analysis bridges the advantage gap between resource rich institutions and individual traders. It is a no-calculus, plain-English text that reveals original, highly technical, mathematical-based volatility indicators, complete with MetaStock® and TradeStation® code. With this in hand, any trader can ""trade the invisible"" by seeing a hidden mathematical structure on the price chart. Author Kirk Northington reveals his proprietary volatility indicators that serve as 410 0$aWiley trading series. 606 $aInvestment analysis 606 $aPortfolio management 615 0$aInvestment analysis. 615 0$aPortfolio management. 676 $a332.6 676 $a332.632042 676 $a332.678 700 $aNorthington$b Kirk$f1959-$0324842 801 0$bMiAaPQ 801 1$bMiAaPQ 801 2$bMiAaPQ 906 $aBOOK 912 $a9910830909503321 996 $aVolatility-based technical analysis$94052539 997 $aUNINA